| 000 | 00753nam a2200253 u 4500 | ||
|---|---|---|---|
| 001 | 000055862 | ||
| 005 | 20200120223154.0 | ||
| 008 | 130418s1998 ck er 000 p spa d | ||
| 020 | _a9582004126. | ||
| 041 | _aspa | ||
| 043 | _as-ck--- | ||
| 090 |
_aAP _bLINFp |
||
| 100 | 1 |
_aLinero, Fernando, _d1957- |
|
| 240 | 0 | 0 | _aMagdalena-Bibliografía regional |
| 245 | 1 | 0 |
_aPalabras para el hombre / _cFernando Linero Montes. |
| 260 |
_aBogotá : _bFernando Linero Montes., _c1998. |
||
| 300 | _a69 p. | ||
| 490 | 0 |
_aPiedra de sol. _pPoesía ; _v29 |
|
| 650 | 1 | 4 | _aPoesía adulto colombiana. |
| 650 | 2 | 4 | _aLiteratura adulto colombiana. |
| 650 | 2 | 4 | _aTristeza en la literatura. |
| 650 | 2 | 4 | _aJuegos en la literatura. |
| 650 | 2 | 4 | _aAmigos en la literatura. |
| 999 |
_c5405 _d5405 |
||